DID地区を持たない市 - Statistics

General Stats
  • This quiz has been taken 43 times
  • The average score is 102 of 144
Answer Stats
都道府県 市町村 % Correct
北海道 夕張市
87%
北海道 三笠市
87%
北海道 歌志内市
87%
山形県 尾花沢市
87%
青森県 つがる市
83%
青森県 平川市
83%
岩手県 二戸市
83%
北海道 赤平市
80%
岩手県 遠野市
80%
岩手県 八幡平市
80%
秋田県 北秋田市
80%
秋田県 仙北市
80%
茨城県 北茨城市
80%
石川県 珠洲市
80%
岐阜県 下呂市
80%
岡山県 新見市
80%
香川県 三豊市
80%
長崎県 対馬市
80%
長崎県 壱岐市
80%
岩手県 大船渡市
77%
秋田県 男鹿市
77%
秋田県 にかほ市
77%
福島県 田村市
77%
福島県 本宮市
77%
茨城県 潮来市
77%
新潟県 佐渡市
77%
富山県 南砺市
77%
山梨県 大月市
77%
山梨県 北杜市
77%
山梨県 甲州市
77%
長野県 飯山市
77%
静岡県 下田市
77%
三重県 熊野市
77%
滋賀県 高島市
77%
和歌山県 紀の川市
77%
島根県 大田市
77%
島根県 江津市
77%
広島県 安芸高田市
77%
山口県 美祢市
77%
徳島県 三好市
77%
高知県 室戸市
77%
高知県 安芸市
77%
高知県 宿毛市
77%
高知県 土佐清水市
77%
長崎県 松浦市
77%
長崎県 西海市
77%
熊本県 上天草市
77%
大分県 豊後高田市
77%
大分県 豊後大野市
77%
大分県 国東市
77%
岩手県 陸前高田市
73%
秋田県 鹿角市
73%
秋田県 潟上市
73%
茨城県 桜川市
73%
茨城県 鉾田市
73%
栃木県 那須烏山市
73%
千葉県 勝浦市
73%
新潟県 魚沼市
73%
山梨県 韮崎市
73%
山梨県 南アルプス市
73%
山梨県 笛吹市
73%
長野県 大町市
73%
岐阜県 郡上市
73%
静岡県 伊豆市
73%
三重県 鳥羽市
73%
三重県 いなべ市
73%
京都府 京丹後市
73%
奈良県 宇陀市
73%
島根県 雲南市
73%
岡山県 真庭市
73%
山口県 長門市
73%
香川県 東かがわ市
73%
高知県 須崎市
73%
長崎県 平戸市
73%
長崎県 南島原市
73%
大分県 竹田市
73%
鹿児島県 南九州市
73%
宮城県 栗原市
70%
茨城県 常陸大宮市
70%
茨城県 稲敷市
70%
千葉県 鴨川市
70%
千葉県 南房総市
70%
富山県 黒部市
70%
長野県 小諸市
70%
岐阜県 美濃市
70%
三重県 志摩市
70%
滋賀県 米原市
70%
兵庫県 淡路市
70%
岡山県 瀬戸内市
70%
広島県 庄原市
70%
広島県 江田島市
70%
徳島県 阿波市
70%
愛媛県 西予市
70%
高知県 香南市
70%
宮崎県 串間市
70%
宮崎県 えびの市
70%
鹿児島県 西之表市
70%
茨城県 行方市
67%
群馬県 安中市
67%
石川県 かほく市
67%
岐阜県 山県市
67%
岐阜県 海津市
67%
静岡県 御前崎市
67%
兵庫県 養父市
67%
兵庫県 南あわじ市
67%
兵庫県 宍粟市
67%
和歌山県 岩出市
67%
徳島県 美馬市
67%
佐賀県 嬉野市
67%
長崎県 雲仙市
67%
熊本県 阿蘇市
67%
大分県 由布市
67%
鹿児島県 垂水市
67%
鹿児島県 南さつま市
67%
沖縄県 南城市
67%
福島県 伊達市
63%
新潟県 胎内市
63%
兵庫県 丹波篠山市
63%
和歌山県 橋本市
63%
岡山県 美作市
63%
岡山県 浅口市
63%
福岡県 豊前市
63%
大分県 宇佐市
63%
鹿児島県 志布志市
63%
鹿児島県 伊佐市
63%
栃木県 さくら市
60%
千葉県 匝瑳市
60%
兵庫県 丹波市
60%
岡山県 備前市
60%
広島県 府中市
60%
福岡県 嘉麻市
60%
佐賀県 多久市
60%
大分県 杵築市
60%
鹿児島県 阿久根市
60%
鹿児島県 曽於市
60%
千葉県 山武市
57%
千葉県 いすみ市
57%
長野県 東御市
57%
岐阜県 本巣市
57%
福岡県 宮若市
57%
福岡県 みやま市
57%
兵庫県 朝来市
53%
福岡県 うきは市
53%
鹿児島県 出水市
50%
No matching quizzes found
Score Distribution
Percent of People with Each Score
Percentile by Number Answered
Your Score History
You have not taken this quiz